[Event "Titled Tuesday intern op 7th March"]
[Site "Chess.com INT"]
[Date "2017.03.07"]
[Round "1"]
[White "Gulamali, Kazim"]
[Black "Larson, Matthew W"]
[Result "0-1"]
[WhiteElo "2298"]
[BlackElo "2348"]
[PlyCount "44"]
[EventDate "2017.03.07"]
[EventType "swiss (blitz)"]
[EventRounds "11"]
[EventCountry "USA"]
[SourceTitle "EXT 2021"]
[Source "ChessBase"]
[SourceDate "2020.10.23"]
[SourceVersion "1"]
[SourceVersionDate "2020.10.23"]
[SourceQuality "1"]

1. e4 d5 2. exd5 Nf6 3. d4 Bg4 4. Nf3 Qxd5 5. Be2 Nc6 6. c4 Qf5 7. Be3 0-0-0 8. Nbd2 Bxf3 9. Nxf3 e5 10. d5 Bb4+ 11. Bd2 Bxd2+ 12. Qxd2 e4 13. Nd4 Nxd4 14. Qxd4 Kb8 15. 0-0 c6 16. d6 c5 17. Qd2 Rd7 18. Rfd1 Rhd8 19. Qe3 Qe5 20. f4 Qf5 21. b3 Rxd6 22. Rd5 Nxd5 0-1

[Event "Titled Tuesday intern op 7th March"]
[Site "Chess.com INT"]
[Date "2017.03.07"]
[Round "2"]
[White "Larson, Matthew W"]
[Black "Klein, David"]
[Result "0-1"]
[WhiteElo "2348"]
[BlackElo "2513"]
[PlyCount "98"]
[EventDate "2017.03.07"]
[EventType "swiss (blitz)"]
[EventRounds "11"]
[EventCountry "USA"]
[SourceTitle "EXT 2021"]
[Source "ChessBase"]
[SourceDate "2020.10.23"]
[SourceVersion "1"]
[SourceVersionDate "2020.10.23"]
[SourceQuality "1"]

1. e4 c5 2. Nf3 e6 3. g3 Nc6 4. Bg2 Nf6 5. Qe2 d5 6. exd5 Nxd5 7. 0-0 Be7 8. Rd1 Qb6 9. Na3 Bf6 10. Nc4 Qc7 11. d4 cxd4 12. c3 0-0 13. cxd4 b6 14. Bg5 Bb7 15. Rac1 Qe7 16. Bxf6 Nxf6 17. Nfe5 Nb4 18. Bxb7 Qxb7 19. a3 Nbd5 20. Rc2 Rad8 21. Rdc1 h6 22. Nd2 a6 23. Ne4 Nxe4 24. Qxe4 Rc8 25. Nc6 Rc7 26. Nb4 Nxb4 27. Qxb7 Rxb7 28. axb4 Rd8 29. Rc8 Rbd7 30. Rxd8+ Rxd8 31. Rc6 b5 32. Rxa6 Rxd4 33. Ra8+ Kh7 34. Ra7 Kg6 35. Rc7 Rxb4 36. Rc2 Kf5 37. f3 g5 38. Kf2 h5 39. Ke3 Rb3+ 40. Kf2 g4 41. Rc5+ e5 42. fxg4+ hxg4 43. Rc2 Ke4 44. Ke2 f5 45. Kd2 f4 46. Ke2 f3+ 47. Kf2 Kd3 48. Rc5 Rxb2+ 49. Kf1 e4 0-1

[Event "Titled Tuesday intern op 7th March"]
[Site "Chess.com INT"]
[Date "2017.03.07"]
[Round "6"]
[White "Larson, Matthew W"]
[Black "Oratovsky, Michael"]
[Result "0-1"]
[WhiteElo "2348"]
[BlackElo "2488"]
[PlyCount "68"]
[EventDate "2017.03.07"]
[EventType "swiss (blitz)"]
[EventRounds "11"]
[EventCountry "USA"]
[SourceTitle "EXT 2021"]
[Source "ChessBase"]
[SourceDate "2020.10.23"]
[SourceVersion "1"]
[SourceVersionDate "2020.10.23"]
[SourceQuality "1"]

1. e4 d6 2. d4 Nf6 3. Nc3 e5 4. dxe5 dxe5 5. Qxd8+ Kxd8 6. Nf3 Bd6 7. Be3 Ke7 8. 0-0-0 Nc6 9. Nd2 a6 10. Nc4 b5 11. Nxd6 cxd6 12. f3 Be6 13. g4 h6 14. h4 Rac8 15. Kb1 Na5 16. Rh2 Nc4 17. Bc1 b4 18. Na4 d5 19. Bxc4 Rxc4 20. Nb6 Rc5 21. exd5 Nxd5 22. Nxd5+ Rxd5 23. Rxd5 Bxd5 24. f4 h5 25. g5 e4 26. Bd2 a5 27. c3 b3 28. axb3 Bxb3 29. Be3 Ke6 30. Rd2 Kf5 31. Rd6 g6 32. Bd4 Re8 33. Be5 Kg4 34. Ra6 a4 0-1

[Event "Titled Tuesday intern op 7th March"]
[Site "Chess.com INT"]
[Date "2017.03.07"]
[Round "4"]
[White "Leenhouts, Koen"]
[Black "Larson, Matthew W"]
[Result "1-0"]
[WhiteElo "2485"]
[BlackElo "2348"]
[PlyCount "81"]
[EventDate "2017.03.07"]
[EventType "swiss (blitz)"]
[EventRounds "11"]
[EventCountry "USA"]
[SourceTitle "EXT 2021"]
[Source "ChessBase"]
[SourceDate "2020.10.23"]
[SourceVersion "1"]
[SourceVersionDate "2020.10.23"]
[SourceQuality "1"]

1. d4 Nf6 2. c4 g6 3. Nc3 Bg7 4. e4 d6 5. f3 0-0 6. Be3 c5 7. Nge2 Qa5 8. Nc1 cxd4 9. Nb3 Qh5 10. Nxd4 Nc6 11. Be2 Qh4+ 12. Bf2 Qg5 13. Nxc6 bxc6 14. 0-0 Qa5 15. Qd2 Be6 16. Rac1 Rab8 17. b3 d5 18. exd5 cxd5 19. c5 Rfd8 20. Bd4 Ne4 21. Qe3 Bxd4 22. Qxd4 Qxc5 23. Nb5 Qxd4+ 24. Nxd4 Nf6 25. Nc6 Kf8 26. Rfd1 Rdc8 27. Nxb8 Rxb8 28. Rc7 Ra8 29. Ba6 Ke8 30. Kf2 Kd8 31. Rc3 Bd7 32. b4 Rb8 33. a3 e6 34. g4 Rb6 35. Bf1 Ne8 36. g5 Nd6 37. Bd3 Bb5 38. Bxb5 Rxb5 39. Rc5 Rb6 40. Ke3 Nc4+ 41. Rxc4 1-0

[Event "Rilton Cup 46th"]
[Site "Stockholm"]
[Date "2017.01.03"]
[Round "7"]
[White "Cramling, Pia"]
[Black "Larson, Matthew W"]
[Result "1/2-1/2"]
[WhiteElo "2453"]
[BlackElo "2330"]
[PlyCount "94"]
[EventDate "2016.12.27"]
[EventType "swiss"]
[EventRounds "9"]
[EventCountry "SWE"]
[SourceTitle "CBM 176 Extra"]
[Source "ChessBase"]
[SourceDate "2017.03.02"]
[SourceVersion "1"]
[SourceVersionDate "2017.03.02"]
[SourceQuality "1"]

1. d4 d5 2. c4 c6 3. Nf3 Nf6 4. Nc3 e6 5. Bg5 h6 6. Bxf6 Qxf6 7. e3 Nd7 8. Be2 dxc4 9. Bxc4 g6 10. 0-0 Bg7 11. a4 a5 12. Qc2 0-0 13. Rfd1 b6 14. Rac1 Bb7 15. Be2 Rac8 16. Qb3 Qe7 17. Nd2 Ba8 18. Bf3 Rb8 19. Ne2 Rfc8 20. Nf4 Kh8 21. Nc4 e5 22. dxe5 Nxe5 23. Be4 Nxc4 24. Rxc4 Qf6 25. Rc2 Re8 26. Bf3 b5 27. Rcd2 bxa4 28. Qxa4 c5 29. Bxa8 Rxa8 30. Nd5 Qd6 31. g3 Red8 32. b3 Rdc8 33. Nf4 Qf6 34. Rd7 Rd8 35. Qc4 Rxd7 36. Rxd7 g5 37. Nh5 Qg6 38. g4 Kg8 39. Rc7 Rb8 40. Rxc5 Rb4 41. Qe2 Rxb3 42. Rxa5 Qe4 43. Ng3 Rb1+ 44. Nf1 Bc3 45. Rc5 Rxf1+ 46. Qxf1 Qxg4+ 47. Qg2 Qd1+ 1/2-1/2

[Event "Rilton Cup 46th"]
[Site "Stockholm"]
[Date "2017.01.01"]
[Round "5"]
[White "Zumsande, Martin"]
[Black "Larson, Matthew W"]
[Result "1-0"]
[WhiteElo "2485"]
[BlackElo "2330"]
[PlyCount "67"]
[EventDate "2016.12.27"]
[EventType "swiss"]
[EventRounds "9"]
[EventCountry "SWE"]
[SourceTitle "CBM 176 Extra"]
[Source "ChessBase"]
[SourceDate "2017.03.02"]
[SourceVersion "1"]
[SourceVersionDate "2017.03.02"]
[SourceQuality "1"]

1. e4 e5 2. Nf3 Nc6 3. Bc4 Nf6 4. d3 Bc5 5. 0-0 d6 6. c3 0-0 7. b4 Bb6 8. a4 a6 9. Nbd2 Re8 10. Qb3 Qe7 11. Re1 Nd8 12. d4 c6 13. Ba3 Qc7 14. b5 exd4 15. Bxd6 Qxd6 16. e5 Rxe5 17. Rxe5 axb5 18. Rae1 Ne6 19. axb5 dxc3 20. Ne4 Nxe4 21. R5xe4 Qc5 22. bxc6 Qxf2+ 23. Kh1 bxc6 24. Qxc3 h6 25. h3 Qc5 26. Qb3 Bc7 27. Ne5 Ra3 28. Qc2 Ba5 29. Rf1 Rc3 30. Qa2 Ra3 31. Qe2 Ng5 32. Nxf7 Nxf7 33. Re8+ Kh7 34. Bd3+ 1-0

[Event "Rilton Cup 46th"]
[Site "Stockholm"]
[Date "2016.12.30"]
[Round "4"]
[White "Larson, Matthew W"]
[Black "Sorensen, Hampus"]
[Result "1-0"]
[WhiteElo "2330"]
[BlackElo "2040"]
[PlyCount "81"]
[EventDate "2016.12.27"]
[EventType "swiss"]
[EventRounds "9"]
[EventCountry "SWE"]
[SourceTitle "CBM 176 Extra"]
[Source "ChessBase"]
[SourceDate "2017.03.02"]
[SourceVersion "1"]
[SourceVersionDate "2017.03.02"]
[SourceQuality "1"]

1. d4 d5 2. c4 c6 3. Nf3 Nf6 4. Qc2 dxc4 5. e4 b5 6. b3 cxb3 7. axb3 Bb7 8. Bd2 a5 9. Bd3 e6 10. 0-0 Be7 11. Nc3 Na6 12. e5 Nb4 13. exf6 Nxc2 14. fxe7 Qxe7 15. Bxc2 0-0 16. Ne4 b4 17. Rfe1 Rfd8 18. Be3 Qc7 19. Nc5 Ba6 20. Bg5 Rdc8 21. Re4 h6 22. Bf4 Qd8 23. Be5 Qe7 24. Rae1 Re8 25. Rg4 g6 26. Ne4 f5 27. Rxg6+ Kh7 28. Rg7+ Qxg7 29. Bxg7 Kxg7 30. Nd6 Reb8 31. Rxe6 Bb5 32. Nxf5+ Kf7 33. Rxh6 a4 34. Ne5+ Kg8 35. Rg6+ Kf8 36. Rf6+ Kg8 37. Rg6+ Kf8 38. Rf6+ Kg8 39. Rf7 Kh8 40. Ng6+ Kg8 41. Nh6# 1-0